[Event "Titled Tuesday intern op 03rd Oct Early"]
[Site "Chess.com INT"]
[Date "2023.10.03"]
[Round "2"]
[White "Joie, Sebastien"]
[Black "Jahnz, Fabian"]
[Result "1-0"]
[WhiteElo "2393"]
[BlackElo "2268"]
[PlyCount "87"]
[EventDate "2023.10.03"]
[EventType "swiss (blitz)"]
[EventRounds "11"]
[EventCountry "USA"]
[SourceTitle "EXT 2025"]
[Source "ChessBase"]
[SourceDate "2024.10.14"]
[SourceVersion "1"]
[SourceVersionDate "2024.10.14"]
[SourceQuality "1"]

1. d4 d5 2. c4 e6 3. Nc3 Nf6 4. Nf3 dxc4 5. e3 a6 6. a4 c5 7. Bxc4 Be7 8. 0-0 Nc6 9. Qe2 cxd4 10. Rd1 e5 11. exd4 exd4 12. Nxd4 Nxd4 13. Qe3 0-0 14. Rxd4 Qb6 15. a5 Qa7 16. Na4 Bc5 17. Nxc5 Qxc5 18. b4 Qa7 19. Bb2 Bf5 20. Qf4 Bg6 21. Rd6 Ne8 22. Rb6 Rc8 23. Bd5 Rc2 24. Bd4 Nc7 25. Qe5 Ne8 26. Rxb7 Qa8 27. Rxf7 Bxf7 28. Bxa8 Nf6 29. Bf3 Bc4 30. Re1 Kh8 31. Qg3 Bb5 32. h4 h6 33. Qg6 Be8 34. Qxc2 Bb5 35. Bxf6 Rxf6 36. Qc8+ Kh7 37. Be4+ g6 38. Bxg6+ Kxg6 39. Qg8+ Kf5 40. g4+ Kf4 41. Qb8+ Kxg4 42. Qg3+ Kh5 43. Re5+ Rf5 44. Rxf5# 1-0

[Event "Titled Tuesday intern op 19th Sep Early"]
[Site "Chess.com INT"]
[Date "2023.09.19"]
[Round "7"]
[White "Jahnz, Fabian"]
[Black "Brilej, Jaka"]
[Result "0-1"]
[WhiteElo "2268"]
[BlackElo "2306"]
[PlyCount "70"]
[EventDate "2023.09.19"]
[EventType "swiss (blitz)"]
[EventRounds "11"]
[EventCountry "USA"]
[SourceTitle "EXT 2024"]
[Source "ChessBase"]
[SourceDate "2023.10.10"]
[SourceVersion "1"]
[SourceVersionDate "2023.10.10"]
[SourceQuality "1"]

1. e4 e6 2. d4 d5 3. Nc3 Nf6 4. exd5 exd5 5. Bg5 Be7 6. Qd2 h6 7. Bxf6 Bxf6 8. 0-0-0 0-0 9. g3 c6 10. h4 b5 11. Bh3 Nd7 12. Nge2 Nb6 13. Nf4 a5 14. Bxc8 Rxc8 15. Nh5 Be7 16. g4 Nc4 17. Qd3 Qd6 18. Qg3 Qb4 19. Rde1 Qxb2+ 20. Kd1 Bb4 21. g5 Qxc3 22. Qxc3 Bxc3 23. Re7 Rce8 24. Rxe8 Rxe8 25. gxh6 Bxd4 26. hxg7 Nd6 27. Rg1 Ne4 28. Rg2 Re5 29. Nf4 Rf5 30. Ne2 Bxg7 31. h5 Rxf2 32. Rxf2 Nxf2+ 33. Kd2 Ne4+ 34. Kd3 Be5 35. Nc1 a4 0-1

[Event "Titled Tuesday intern op 19th Sep Early"]
[Site "Chess.com INT"]
[Date "2023.09.19"]
[Round "3"]
[White "Jahnz, Fabian"]
[Black "Secer, Ata"]
[Result "0-1"]
[WhiteElo "2268"]
[BlackElo "2332"]
[PlyCount "64"]
[EventDate "2023.09.19"]
[EventType "swiss (blitz)"]
[EventRounds "11"]
[EventCountry "USA"]
[SourceTitle "EXT 2024"]
[Source "ChessBase"]
[SourceDate "2023.10.10"]
[SourceVersion "1"]
[SourceVersionDate "2023.10.10"]
[SourceQuality "1"]

1. e4 c5 2. Nf3 e6 3. c3 Nf6 4. e5 Nd5 5. g3 d6 6. exd6 Bxd6 7. Bg2 0-0 8. 0-0 Nc6 9. d4 cxd4 10. Nxd4 Nxd4 11. Qxd4 Bd7 12. Be3 Bc6 13. Nd2 Nxe3 14. Qxe3 Bxg2 15. Kxg2 Qc7 16. Ne4 Be7 17. Rad1 Rfd8 18. Rxd8+ Rxd8 19. h4 h6 20. Re1 b5 21. Re2 a5 22. Rd2 Qc6 23. Rxd8+ Bxd8 24. Qf3 Qd5 25. b3 Be7 26. c4 bxc4 27. bxc4 Qxc4 28. Nc3 Bb4 29. Qa8+ Kh7 30. Qe4+ Qxe4+ 31. Nxe4 f5 32. a3 fxe4 0-1

[Event "Titled Tuesday intern op 19th Sep Early"]
[Site "Chess.com INT"]
[Date "2023.09.19"]
[Round "5"]
[White "Osmak, Iulija"]
[Black "Jahnz, Fabian"]
[Result "1/2-1/2"]
[WhiteElo "2449"]
[BlackElo "2268"]
[PlyCount "131"]
[EventDate "2023.09.19"]
[EventType "swiss (blitz)"]
[EventRounds "11"]
[EventCountry "USA"]
[SourceTitle "EXT 2024"]
[Source "ChessBase"]
[SourceDate "2023.10.10"]
[SourceVersion "1"]
[SourceVersionDate "2023.10.10"]
[SourceQuality "1"]

1. e4 c6 2. d4 d5 3. exd5 cxd5 4. Bd3 Nf6 5. h3 Qc7 6. Nf3 Nc6 7. c3 g6 8. 0-0 Bg7 9. Re1 0-0 10. a4 Bf5 11. Bf1 Bxb1 12. Rxb1 Ne4 13. Ng5 Nxg5 14. Bxg5 h6 15. Bh4 a6 16. Qb3 e6 17. Bg3 Qd7 18. Qb6 Rac8 19. Ra1 Ne7 20. Qd6 Qxd6 21. Bxd6 Rfe8 22. Ra3 Nf5 23. Bh2 h5 24. Rb3 Re7 25. g4 hxg4 26. hxg4 Nh6 27. f3 f5 28. Bh3 Rce8 29. Bd6 Rd7 30. Bf4 Nf7 31. gxf5 gxf5 32. Bxf5 Rde7 33. Bg4 e5 34. dxe5 Bxe5 35. Bxe5 Nxe5 36. Kg2 Nc4 37. Rxe7 Rxe7 38. Kf2 Kf7 39. Bc8 Na5 40. Rb4 Rc7 41. Bh3 Nc4 42. Bf5 Nd6 43. Bd3 Ke6 44. Rd4 b5 45. axb5 axb5 46. Rh4 Nc4 47. Rh6+ Ke5 48. b3 Nb2 49. Bxb5 Rxc3 50. Rh5+ Kd6 51. Ba4 Nd3+ 52. Kg3 Nc5 53. Rh6+ Ke5 54. Rb6 Nxa4 55. bxa4 Ra3 56. Ra6 d4 57. Kg4 d3 58. f4+ Kd4 59. Rd6+ Ke3 60. f5 Rxa4+ 61. Kg5 d2 62. Rxd2 Kxd2 63. f6 Ra7 64. Kg6 Kd3 65. f7 Rxf7 66. Kxf7 1/2-1/2

[Event "Titled Tuesday intern op 12th Sep Early"]
[Site "Chess.com INT"]
[Date "2023.09.12"]
[Round "4"]
[White "Vlassov, Nikolai"]
[Black "Jahnz, Fabian"]
[Result "1-0"]
[WhiteElo "2283"]
[BlackElo "2268"]
[PlyCount "75"]
[EventDate "2023.09.12"]
[EventType "swiss (blitz)"]
[EventRounds "11"]
[EventCountry "USA"]
[SourceTitle "EXT 2024"]
[Source "ChessBase"]
[SourceDate "2023.10.10"]
[SourceVersion "1"]
[SourceVersionDate "2023.10.10"]
[SourceQuality "1"]

1. e4 c6 2. d4 d5 3. f3 e6 4. Nc3 Bb4 5. Be3 Ne7 6. Bd3 0-0 7. Nge2 b6 8. 0-0 Ba6 9. Bxa6 Nxa6 10. Nf4 Bxc3 11. bxc3 Rc8 12. a4 c5 13. a5 bxa5 14. Qe2 c4 15. Nh5 Rb8 16. Qf2 Ng6 17. e5 Rb5 18. f4 Qh4 19. Qf3 Nc7 20. g4 f5 21. exf6 gxf6 22. Bf2 e5 23. Bxh4 Nxh4 24. Qg3 Ng6 25. fxe5 fxe5 26. Rxf8+ Kxf8 27. dxe5 Kg8 28. Nf6+ Kf7 29. Rf1 Ne6 30. Nxh7+ Kg7 31. Nf6 a4 32. Ne8+ Kg8 33. Rf6 Nef8 34. e6 Rb1+ 35. Kf2 a3 36. Qc7 Rb7 37. Qxb7 Nxe6 38. Rxg6+ 1-0

[Event "Titled Tuesday intern op 05th Sep Early"]
[Site "Chess.com INT"]
[Date "2023.09.05"]
[Round "5"]
[White "Jahnz, Fabian"]
[Black "Majer, Damir"]
[Result "1-0"]
[WhiteElo "2268"]
[BlackElo "2246"]
[PlyCount "137"]
[EventDate "2023.09.05"]
[EventType "swiss (blitz)"]
[EventRounds "11"]
[EventCountry "USA"]
[SourceTitle "EXT 2024"]
[Source "ChessBase"]
[SourceDate "2023.10.10"]
[SourceVersion "1"]
[SourceVersionDate "2023.10.10"]
[SourceQuality "1"]

1. e4 Nf6 2. e5 Nd5 3. c4 Nb6 4. d4 d6 5. exd6 exd6 6. Nc3 Be7 7. Be2 0-0 8. h3 Bf5 9. Nf3 Nc6 10. 0-0 Re8 11. Be3 Bf6 12. a3 d5 13. c5 Nc4 14. Bxc4 dxc4 15. d5 Na5 16. Qa4 Nb3 17. Rad1 Bc2 18. Qxc4 Bxd1 19. Rxd1 Na5 20. Qb4 b6 21. c6 Qe7 22. Qxe7 Rxe7 23. Bd4 Bxd4 24. Rxd4 Nb3 25. Re4 Rxe4 26. Nxe4 Re8 27. d6 Nc5 28. Nxc5 bxc5 29. d7 Rb8 30. Nd2 Kf8 31. Nc4 Ke7 32. Na5 Rxb2 33. Nb7 Rd2 34. Nxc5 Rd6 35. Nb7 Rd2 36. Kf1 a6 37. Ke1 Rd5 38. Ke2 h5 39. Ke3 f6 40. g3 g5 41. Ke4 Rd2 42. f4 gxf4 43. Kxf4 Rd4+ 44. Kf5 Rd3 45. d8Q+ Rxd8 46. Nxd8 Kxd8 47. Kxf6 Ke8 48. g4 hxg4 49. hxg4 Kf8 50. g5 a5 51. g6 a4 52. Ke6 Kg7 53. Kd7 Kxg6 54. Kxc7 Kf5 55. Kb7 Ke6 56. c7 Kd5 57. c8Q Kd4 58. Qc2 Kd5 59. Qxa4 Kc5 60. Qc6+ Kd4 61. a4 Kd3 62. a5 Kd2 63. a6 Kd1 64. a7 Kd2 65. a8Q Kd1 66. Qa2 Ke1 67. Qe4+ Kd1 68. Qd3+ Ke1 69. Qde2# 1-0

[Event "Titled Tuesday intern op 05th Sep Early"]
[Site "Chess.com INT"]
[Date "2023.09.05"]
[Round "3"]
[White "Valle Luis, Leo"]
[Black "Jahnz, Fabian"]
[Result "1-0"]
[WhiteElo "2214"]
[BlackElo "2268"]
[PlyCount "51"]
[EventDate "2023.09.05"]
[EventType "swiss (blitz)"]
[EventRounds "11"]
[EventCountry "USA"]
[SourceTitle "EXT 2024"]
[Source "ChessBase"]
[SourceDate "2023.10.10"]
[SourceVersion "1"]
[SourceVersionDate "2023.10.10"]
[SourceQuality "1"]

1. e4 c6 2. d4 d5 3. e5 Bf5 4. g4 Be4 5. f3 Bg6 6. e6 Qd6 7. exf7+ Bxf7 8. Ne2 Nf6 9. Bf4 Qb4+ 10. Nbc3 Nbd7 11. Bg2 g6 12. 0-0 Bg7 13. Qd2 0-0-0 14. a3 Qb6 15. b4 h6 16. Rfb1 g5 17. Bg3 h5 18. a4 hxg4 19. a5 Qa6 20. b5 cxb5 21. Nxb5 Nb8 22. Qc3+ Nc6 23. Nxa7+ Qxa7 24. a6 Ne4 25. axb7+ Qxb7 26. fxe4 1-0

[Event "Titled Tuesday intern op 29th Aug Early"]
[Site "Chess.com INT"]
[Date "2023.08.29"]
[Round "10"]
[White "Jahnz, Fabian"]
[Black "Bueno, Alfeu Varela Jr"]
[Result "0-1"]
[WhiteElo "2268"]
[BlackElo "2135"]
[PlyCount "46"]
[EventDate "2023.08.29"]
[EventType "swiss (blitz)"]
[EventRounds "11"]
[EventCountry "USA"]
[SourceTitle "EXT 2024"]
[Source "ChessBase"]
[SourceDate "2023.10.10"]
[SourceVersion "1"]
[SourceVersionDate "2023.10.10"]
[SourceQuality "1"]

1. e4 e6 2. d3 d5 3. Nd2 Nf6 4. Ngf3 Bc5 5. e5 Nfd7 6. d4 Bb6 7. c3 c5 8. Be2 Nc6 9. Nb3 a5 10. a4 0-0 11. 0-0 f6 12. exf6 Qxf6 13. Bg5 Qg6 14. Qd2 cxd4 15. cxd4 Nf6 16. Bxf6 Rxf6 17. Ne5 Nxe5 18. dxe5 Rf7 19. Nd4 Bd7 20. Bb5 Raf8 21. Bxd7 Rxd7 22. Rac1 Rdf7 23. Nf3 Rxf3 0-1